How to work a room : a guide to success fully managing the mingling Susan Roane
| Main Author: | |
|---|---|
| Format: | Book |
| Published: |
Kuala Lumpur :
Golden Books Centre ,
1991
|
| Subjects: |
MARC
| LEADER | 00000cam a2200000 7i4500 | ||
|---|---|---|---|
| 001 | 0000005032 | ||
| 002 | 000005423 | ||
| 005 | 20000330.0 | ||
| 020 | |a 967995969 | ||
| 090 | 0 | 0 | |a 302 |b ROA |
| 100 | 1 | |a ROANE, Susan | |
| 245 | 1 | 0 | |a How to work a room : |b a guide to success fully managing the mingling Susan Roane |
| 260 | |a Kuala Lumpur : |b Golden Books Centre , |c 1991 | ||
| 300 | |a 203p. ; |c 23cm. | ||
| 650 | 0 | 0 | |a Interpersonal communication |
| 999 | |a 033586 |b BUKU |c PINJAMAN |e PERPUSTAKAAN KOMUNITI PETALING JAYA | ||